Social security program in the United states / (Record no. 11428)
[ view plain ]
| 000 -LEADER | |
|---|---|
| fixed length control field | 00476cam a2200181ua 4500 |
| 041 ## - LANGUAGE CODE | |
| Language code of text/sound track or separate title | eng |
| 082 ## - DEWEY DECIMAL CLASSIFICATION NUMBER | |
| Classification number | 362 |
| Item number | SCH/SO |
| 100 ## - MAIN ENTRY--AUTHOR NAME | |
| Personal name | Schottland, Charles I . |
| 245 ## - TITLE STATEMENT | |
| Title | Social security program in the United states / |
| 250 ## - EDITION STATEMENT | |
| Edition statement | 1 / |
| 260 ## - PUBLICATION, DISTRIBUTION, ETC. (IMPRINT) | |
| Place of publication | New York : |
| Name of publisher | Appleton-century-croffs, INC , |
| Year of publication | 1967. |
| 300 ## - PHYSICAL DESCRIPTION | |
| Number of Pages | 217 ; . |
| 942 ## - ADDED ENTRY ELEMENTS (KOHA) | |
| Koha item type | Books |
| Withdrawn status | Lost status | Damaged status | Home library | Current library | Date acquired | Full call number | Accession Number | Koha item type |
|---|---|---|---|---|---|---|---|---|
| Withdrawn | KAUAET | Sanskrit University | 07/04/2012 | 362 | 10980 | Books |
